|
|
|
|
| LEADER |
00000cam a22000004a 4500 |
| 001 |
musev2_84669 |
| 003 |
MdBmJHUP |
| 005 |
20230905052715.0 |
| 006 |
m o d |
| 007 |
cr||||||||nn|n |
| 008 |
210713s2021 mnu o 00 0 eng d |
| 020 |
|
|
|a 9781506424811
|
| 020 |
|
|
|z 9781506424804
|
| 020 |
|
|
|z 1506424813
|
| 020 |
|
|
|z 1506424805
|
| 035 |
|
|
|a (OCoLC)1259589714
|
| 040 |
|
|
|a MdBmJHUP
|c MdBmJHUP
|
| 100 |
1 |
|
|a Oelhafen von Schöllenbach, Johann Christoph,
|d 1574-1631,
|e author.
|
| 245 |
1 |
2 |
|a A Widower's Lament :
|b The Pious Meditations of Johann Christoph Oelhafen /
|c translated with an introduction, notes, and epilogue by Ronald K. Rittgers.
|
| 264 |
|
1 |
|a Minneapolis, MN :
|b Fortress Press,
|c [2021]
|
| 264 |
|
3 |
|a Baltimore, Md. :
|b Project MUSE,
|c 2021
|
| 264 |
|
4 |
|c ©[2021]
|
| 300 |
|
|
|a 1 online resource (136 pages).
|
| 336 |
|
|
|a text
|b txt
|2 rdacontent
|
| 337 |
|
|
|a computer
|b c
|2 rdamedia
|
| 338 |
|
|
|a online resource
|b cr
|2 rdacarrier
|
| 520 |
|
|
|a This book deals with Christian lament in the late Reformation by exploring the efforts of a talented yet little-known layman to cope with the death of his beloved wife. It provides full access to the remarkable work of private devotion that he authored to express his lament. A work of haunting candor and searching faith, The Pious Meditations furnishes insight into life in the past as well as resources for life in the present.
|
| 588 |
|
|
|a Description based on print version record.
|
| 650 |
|
7 |
|a Meditations.
|2 fast
|0 (OCoLC)fst01015445
|
| 650 |
|
7 |
|a Laments.
|2 fast
|0 (OCoLC)fst00991065
|
| 650 |
|
6 |
|a Lamentations
|v Ouvrages avant 1800.
|
| 650 |
|
6 |
|a Meditations
|v Ouvrages avant 1800.
|
| 650 |
|
0 |
|a Laments
|v Early works to 1800.
|
| 650 |
|
0 |
|a Meditations
|v Early works to 1800.
|
| 655 |
|
7 |
|a Early works.
|2 fast
|0 (OCoLC)fst01411636
|
| 655 |
|
7 |
|a Electronic books.
|2 local
|
| 700 |
1 |
|
|a Rittgers, Ronald K.,
|d 1965-
|e translator,
|e editor.
|
| 710 |
2 |
|
|a Project Muse.
|e distributor
|
| 830 |
|
0 |
|a Book collections on Project MUSE.
|
| 856 |
4 |
0 |
|z Texto completo
|u https://projectmuse.uam.elogim.com/book/84669/
|
| 945 |
|
|
|a Project MUSE - Custom Collection
|
| 945 |
|
|
|a Project MUSE - 2021 Complete
|
| 945 |
|
|
|a Project MUSE - 2021 Philosophy and Religion
|